NBA name their number - Statistics

General Stats
  • This quiz has been taken 650 times
  • The average score is 17 of 20
Answer Stats
Hint Answer % Correct
Steph Curry 30
99%
LeBron James 6
97%
Giannis Antetokounmpo 34
93%
Jayson Tatum 0
90%
Kawhi Leonard 2
90%
Kevin Durant 7
90%
Luka Doncic 77
90%
Damian Lillard 0
89%
Nikola Jokic 15
86%
Ja Morant 12
83%
James Harden 13
83%
Kyrie Irving 11
82%
Paul George 13
79%
Bradley Beal 3
77%
Anthony Davis 23
76%
Joel Embiid 21
71%
Jimmy Butler 22
71%
Donovan Mitchell 45
71%
Karl Anthony-Towns 32
69%
Zach Lavine 8
68%
No matching quizzes found
Score Distribution
Percent of People with Each Score
Percentile by Number Answered
Your Score History
You have not taken this quiz